00519nam a2200181Ia 450000500170000000800410001704000190005804100120007708200160008910000220010524500730012726000380020030000290023850400190026765000140028665100270030085000100032720240202105729.0131103s9999 xx 000 0 und d aLoreto College aEnglish a370.15bALL aAllport,Gordon W. aPersonality, bA Psychological Interpretation, cGordon W.Allport aLondonbConstable & Companyc1949 axiv,588 p.b ill.,tables aReprinted 1959 aEducation aEducational Psychology aLCLIB